[Event "Mechanics' Summer TNM; G/2"]
[Site "San Francisco"]
[Date "2016.07.05"]
[Round "7.4"]
[White "Tracy, Joseph J"]
[Black "Murugappan, Ganesh"]
[Result "1-0"]
[WhiteElo "2179"]
[BlackElo "2057"]
[Annotator "Donaldson"]
[PlyCount "119"]
[EventDate "2016.??.??"]

1. b3 e5 2. Bb2 Nc6 3. e3 Nf6 4. Bb5 d6 5. Nf3 Be7 6. d4 exd4 7. exd4 a6 8. Be2
d5 9. O-O O-O 10. Ne5 Bf5 11. Bd3 Bxd3 12. Qxd3 Nb4 13. Qe2 c5 14. a3 Nc6 15.
Nxc6 bxc6 16. dxc5 Bxc5 17. Nd2 Qd6 18. Qd3 Rfe8 19. b4 Ba7 20. c4 Qf4 21. g3
Qh6 22. Nf3 dxc4 23. Qxc4 Ne4 24. Rad1 Nxf2 25. Rd7 (25. Rxf2 Bxf2+ 26. Kxf2
Qe3+ 27. Kg2 Qe2+ 28. Qxe2 Rxe2+ 29. Kh3 Rxb2 $19) 25... Rf8 $2 (25... Ne4+ 26.
Bd4 Bxd4+ 27. Nxd4 Qe3+ 28. Kh1 Ng5 29. Nxc6 $14) 26. Rxf2 Bxf2+ 27. Kxf2 a5
28. Bc3 a4 29. Bd2 Qf6 30. Qd4 Qg6 31. Bc3 Rae8 32. Qd3 Qe6 33. Bd2 Qf6 34. Bc3
Qe6 35. Rd4 Qa2+ 36. Bd2 Qe6 37. Qc4 Qf6 38. Bc3 Qf5 39. Qd3 Qe6 40. Ng5 $2 (
40. b5 $1 {with the idea if} cxb5 {then} 41. Bb4) 40... Qh6 41. Nf3 Qe6 42. Rd6
Qa2+ 43. Bd2 Re6 44. Rxe6 fxe6 45. Kg2 Qd5 46. Qxd5 exd5 47. Ne5 Rc8 48. Be3 g6
49. Kf3 Kg7 50. Bd4 Kf8 51. Nd7+ Ke7 52. Nc5 Kd6 53. Be3 Rf8+ 54. Bf4+ Ke7 55.
Ke3 Ra8 56. Bg5+ Kd6 57. Bf4+ Ke7 58. Be5 h6 59. Bg7 h5 60. h4 {
White eventually converted his advantage in mutual time pressure.} 1-0

[Event "Mechanics' Summer TNM; G/2"]
[Site "San Francisco"]
[Date "2016.06.28"]
[Round "6.6"]
[White "Tracy, Joseph J"]
[Black "O'Connor, Derek"]
[Result "1/2-1/2"]
[WhiteElo "2179"]
[BlackElo "1851"]
[PlyCount "49"]
[EventDate "2016.??.??"]

1. d4 d5 2. c4 c6 3. Nc3 Nf6 4. Nf3 e6 5. Bg5 h6 6. Bxf6 Qxf6 7. e3 g6 8. Bd3
Nd7 9. O-O Bg7 10. e4 dxc4 11. Bxc4 e5 12. d5 Nb6 13. Be2 O-O 14. dxc6 bxc6 15.
Qc2 Rb8 16. Nd2 Be6 17. Nb3 Qe7 18. Nd1 Rfc8 19. Ne3 Bf8 20. Rfc1 Qb4 21. Nd2
Rd8 22. Ndc4 Nxc4 23. Nxc4 Bxc4 24. Bxc4 Rd2 25. Qb3 1/2-1/2

[Event "Mechanics' Summer TNM; G/2"]
[Site "San Francisco"]
[Date "2016.06.07"]
[Round "3.16"]
[White "Tracy, Joseph J"]
[Black "Rakonitz, David"]
[Result "1/2-1/2"]
[WhiteElo "2179"]
[BlackElo "1659"]
[PlyCount "37"]
[EventDate "2016.??.??"]

1. d4 Nf6 2. c4 e6 3. Nf3 b6 4. g3 Bb7 5. Bg2 Be7 6. Nc3 Ne4 7. Qc2 Nxc3 8.
Qxc3 O-O 9. O-O c5 10. dxc5 bxc5 11. Rd1 Qc7 12. Bf4 d6 13. Qc2 h6 14. e4 e5
15. Be3 Nc6 16. h4 Bc8 17. Nd2 Be6 18. Nb1 Nd4 19. Qd3 1/2-1/2

[Event "Mechanics' Fall TNM; G/2"]
[Site "San Francisco"]
[Date "2016.11.22"]
[Round "6.42"]
[White "Trapani, Nick Leon"]
[Black "Bayaraa, Timothy"]
[Result "0-1"]
[WhiteElo "1132"]
[BlackElo "554"]
[Annotator "Donaldson"]
[PlyCount "64"]
[EventDate "2016.??.??"]

1. e4 e5 2. Nf3 Nc6 3. Bc4 Bc5 4. O-O Nf6 5. d3 h6 6. c3 d6 7. Re1 Bg4 8. h3
Bxf3 9. Qxf3 Qe7 10. Be3 g5 11. Bb5 Bxe3 12. Rxe3 a6 13. Ba4 b5 14. Bb3 h5 15.
Qe2 g4 16. h4 Rg8 17. g3 Nd4 $4 {
Diagram [#] This looks great, but can you find the refutation?} 18. Qd1 $2 (18.
cxd4 $1 exd4 19. Qc2 dxe3 20. Qc6+ {and White wins.}) 18... Nf3+ 19. Kg2 O-O-O
20. Nd2 Nxd2 21. Qxd2 d5 22. exd5 Nxd5 23. Re4 (23. Re2) 23... Nf6 (23... f5)
24. Re3 e4 25. Rae1 Qc5 26. Bxf7 Rgf8 27. d4 $4 Qc6 $4 (27... Rxf7 28. dxc5
Rxd2) 28. Bg6 Nd5 29. Bxe4 Rde8 30. Qd3 Qe6 31. Bf5 Nxe3+ 32. Qxe3 $4 (32. Rxe3
{wins.}) 32... Qxf5 0-1

[Event "Mechanics' Fall TNM; G/2"]
[Site "San Francisco"]
[Date "2016.11.08"]
[Round "4.40"]
[White "Trapani, Nick Leon"]
[Black "Harris, Clarence"]
[Result "0-1"]
[WhiteElo "1132"]
[BlackElo "1400"]
[Annotator "Donaldson"]
[PlyCount "52"]
[EventDate "2016.??.??"]

1. e4 e5 2. Nf3 Nc6 3. Bc4 Nf6 4. d3 Be7 5. O-O O-O 6. Re1 d6 7. h3 Na5 8. Bb5
c6 9. Ba4 b5 10. Bb3 Nxb3 11. axb3 Be6 12. c3 Qd7 13. d4 exd4 14. cxd4 Qc7 15.
e5 dxe5 16. dxe5 Nd5 17. Nc3 Rad8 18. Nd4 Nxc3 19. bxc3 {Diagram [#]} Qb7 (
19... c5 $1 20. Nxb5 Rxd1) 20. Be3 (20. Qf3) 20... c5 $1 21. Qf3 Bd5 22. Qf5
cxd4 23. cxd4 Bxg2 24. Kh2 Be4 25. Qg4 Bf3 26. Bg5 Bxg4 0-1

[Event "Mechanics' Fall TNM; G/2"]
[Site "San Francisco"]
[Date "2016.10.18"]
[Round "1.32"]
[White "Trapani, Nick Leon"]
[Black "Melville, Cailen"]
[Result "0-1"]
[WhiteElo "1132"]
[BlackElo "1872"]
[Annotator "Donaldson"]
[PlyCount "70"]
[EventDate "2016.??.??"]

1. e4 e6 2. d4 d5 3. Nc3 dxe4 4. Nxe4 b6 5. Nf3 Bb7 6. Bd3 (6. Bb5+ $5) 6...
Nf6 7. Bg5 Be7 8. O-O $4 (8. Bxf6) 8... Nxe4 9. Bxe7 Qxe7 10. Ne5 Nd7 11. Qe2
Nd6 12. Rfe1 Qg5 13. Qg4 Qxg4 14. Nxg4 O-O-O 15. c4 h5 16. Ne5 Nxe5 17. Rxe5 g6
18. b4 Rhg8 19. c5 Nf5 20. Be4 Rxd4 21. Bxb7+ Kxb7 22. a3 Rgd8 23. Ree1 Rd2 24.
Kf1 Nh4 25. g3 Nf3 26. Re3 Nxh2+ 27. Kg2 Ng4 28. Rf3 f5 29. Re1 e5 30. Kh3 e4
31. Rc3 Rxf2 32. c6+ Kc8 33. Rh1 Rd1 34. Kh4 Rxh1+ 35. Kg5 e3 0-1

[Event "Mechanics' Spring TNM; G/2"]
[Site "San Francisco"]
[Date "2016.03.29"]
[Round "3.40"]
[White "Traub, Igor"]
[Black "Moor, William Edwa"]
[Result "1-0"]
[WhiteElo "2136"]
[BlackElo "1446"]
[PlyCount "58"]
[EventDate "2016.??.??"]

1. d4 d5 2. Bf4 Nf6 3. e3 e6 4. Nf3 Nbd7 5. c4 c5 6. Nc3 Be7 7. cxd5 Nxd5 8.
Nxd5 exd5 9. Bd3 cxd4 10. Nxd4 Qa5+ 11. Ke2 O-O 12. Qd2 Qxd2+ 13. Kxd2 Nc5 14.
Bc2 a6 15. f3 Ne6 16. Be5 f6 17. Bg3 Nxd4 18. exd4 Bb4+ 19. Kd1 Bd7 20. a3 Ba5
21. Bd6 Rfe8 22. b4 Bb6 23. Bc5 Bc7 24. Bb3 Bc6 25. Rc1 Re3 26. b5 axb5 27. Bc2
Rae8 28. Ra1 Re2 29. g3 Rf2 {
Black is winning but White later escaped. Remaining moves unavailable.} 1-0

[Event "Mechanics' Spring TNM; G/2"]
[Site "San Francisco"]
[Date "2016.04.19"]
[Round "6.8"]
[White "Traub, Igor Vladim"]
[Black "Anderson, Michael"]
[Result "1-0"]
[WhiteElo "2136"]
[BlackElo "1962"]
[PlyCount "164"]
[EventDate "2016.??.??"]

1. Nf3 f5 2. g3 Nf6 3. d3 g6 4. Bg5 Bg7 5. Bg2 O-O 6. Nc3 d5 7. Qd2 Nc6 8. Bh6
d4 9. Na4 Qd6 10. Bxg7 Kxg7 11. c4 Bd7 12. c5 Qd5 13. b4 e5 14. O-O Rae8 15. b5
Nd8 16. Qb4 a6 17. c6 a5 18. Qxa5 Bxc6 19. Qxc7+ Rf7 20. Qb6 Nd7 21. Qa5 Qxb5
22. Qxb5 Bxb5 23. Nb2 Nc6 24. Rfc1 e4 25. Ng5 Rfe7 26. a4 Ba6 27. Nh3 Nf6 28.
Nc4 Nd5 29. Nd6 Rd8 30. Nb5 Bxb5 31. axb5 Ncb4 32. Rc4 exd3 33. exd3 Rde8 34.
Bxd5 Nxd5 35. Rxd4 Nc3 36. Rb4 Rd8 37. Kg2 Rxd3 38. b6 Red7 39. Nf4 R3d6 40. h4
h5 41. Rc4 Ne4 42. Rc7 Kf7 43. Rac1 Nf6 44. Nh3 Nd5 45. Rxd7+ Rxd7 46. Rb1 Kf6
47. Nf4 Nxf4+ 48. gxf4 Ke7 49. Kf3 Kd6 50. Ke3 Kd5 51. Rd1+ Kc6 52. Rb1 Rd6 53.
Rb2 Kc5 54. Rc2+ Kxb6 55. Rb2+ Kc7 56. Rc2+ Rc6 57. Rd2 b6 58. Rd5 Kb7 59. Rd7+
Ka6 60. Kd4 Rf6 61. Kd3 Re6 62. f3 Rf6 63. Kc3 Re6 64. Rd4 Kb7 65. Rc4 Rc6 66.
Kb3 Rxc4 67. Kxc4 Ka6 68. Kb4 b5 69. Kb3 Ka5 70. Ka3 b4+ 71. Kb3 Kb5 72. Ka2
Kc4 73. Kb2 b3 74. Kb1 Kc3 75. Ka1 Kb4 76. Kb1 Kc4 77. Kc1 Kc3 78. Kb1 b2 79.
Ka2 Kc2 80. Ka3 b1=Q 81. Ka4 Kc3 82. Ka3 Qb4+ {
Black lost on time! Who said chess isn't a hard game.} 1-0

[Event "Mechanics' Alan Benson TNM; G/2"]
[Site "San Francisco"]
[Date "2016.09.06"]
[Round "6.3"]
[White "Traub, Igor Vladim"]
[Black "Askin, Michael Chr"]
[Result "1-0"]
[WhiteElo "2136"]
[BlackElo "2042"]
[PlyCount "69"]
[EventDate "2016.??.??"]

1. e4 c6 2. d4 d5 3. e5 Bf5 4. Ne2 e6 5. Ng3 Bg6 6. Bd3 Qb6 7. c3 c5 8. O-O
cxd4 9. cxd4 Nc6 10. Ne2 Nge7 11. b3 Rc8 12. Ba3 Bxd3 13. Qxd3 Nf5 14. Rd1 Nb4
15. Bxb4 Bxb4 16. g4 Nh6 17. h3 O-O 18. Nd2 f6 19. Nf3 Nf7 20. exf6 gxf6 21.
Rac1 Nd6 22. Ng3 Rxc1 23. Rxc1 f5 24. Ne5 Qd8 25. f3 Qh4 26. Kg2 f4 27. Nh5 Qe7
28. Qc2 Ba5 29. Nd3 Nf5 30. gxf5 Qg5+ 31. Kh2 Qxh5 32. Qg2+ Kh8 33. Rg1 Qf7 34.
Ne5 Qe7 35. fxe6 1-0

[Event "Mechanics' Summer TNM; G/2"]
[Site "San Francisco"]
[Date "2016.05.31"]
[Round "2.6"]
[White "Traub, Igor Vladim"]
[Black "O'connor, Derek"]
[Result "1-0"]
[WhiteElo "2136"]
[BlackElo "1851"]
[PlyCount "69"]
[EventDate "2016.??.??"]

1. d4 d5 2. c4 c6 3. Nf3 Nf6 4. Nc3 a6 5. c5 g6 6. Bf4 Bg7 7. h3 O-O 8. e3 Re8
9. Bd3 Nfd7 10. O-O e5 11. Nxe5 Nxe5 12. dxe5 Nd7 13. e6 fxe6 14. Bd6 Ne5 15.
Na4 b5 16. Nb6 Ra7 17. a4 Nc4 18. Bxc4 bxc4 19. Qe2 Rb7 20. a5 Rf7 21. e4 Bf8
22. e5 Rf4 23. Ra3 Bh6 24. Rf3 Re4 25. Qd1 Qg5 26. b3 Bg7 27. bxc4 Bxe5 28. Qa4
Bb7 29. Nd7 Bxd6 30. Nf6+ Kh8 31. cxd6 Rd8 32. Nxe4 dxe4 33. Rf7 Ba8 34. Qa1+
e5 35. Re7 1-0

[Event "Mechanics' Alan Benson TNM; G/2"]
[Site "San Francisco"]
[Date "2016.08.09"]
[Round "2.5"]
[White "Traub, Igor Vladim"]
[Black "Sanguinetti, George"]
[Result "1-0"]
[WhiteElo "2136"]
[BlackElo "1900"]
[PlyCount "61"]
[EventDate "2016.??.??"]

1. e4 c5 2. d3 Nc6 3. Nf3 g6 4. g3 Bg7 5. Bg2 e6 6. h4 h5 7. c3 Nge7 8. Be3 b6
9. O-O O-O 10. Qc1 Re8 11. d4 d5 12. dxc5 dxe4 13. Ng5 f5 14. Rd1 Qc7 15. Na3
Ne5 16. Nb5 Qc6 17. Nd4 Qa4 18. Ndxe6 Bxe6 19. Nxe6 Nd3 20. Rxd3 exd3 21. Nxg7
Kxg7 22. Bd4+ Kh7 23. Bxa8 Rxa8 24. cxb6 axb6 25. Qe3 Nc6 26. b3 Qa3 27. Qxd3
Qb2 28. Re1 Rxa2 29. Qc4 Nxd4 30. Re7+ Kh6 31. Qxd4 1-0

[Event "Mechanics' Spring TNM; G/2"]
[Site "San Francisco"]
[Date "2016.04.12"]
[Round "5.4"]
[White "Traub, Igor Vladim"]
[Black "Walder, Michael S"]
[Result "0-1"]
[WhiteElo "2136"]
[BlackElo "2109"]
[Annotator "Winslow"]
[PlyCount "84"]
[EventDate "2016.??.??"]

1. Nf3 c5 2. g3 Nf6 3. Bg2 Nc6 4. d3 e6 5. e4 d5 6. Nbd2 Be7 7. O-O O-O 8. Re1
b5 9. e5 Nd7 10. Nf1 a5 11. a3 Ba6 12. h4 b4 13. a4 c4 (13... Rb8 14. Bf4 Nd4
15. Nxd4 cxd4 16. b3 Rc8 17. Nh2 Rc6 18. Nf3 Qb6 19. Qe2 Rfc8 20. Ra2 Rc3 21.
Bh3 Qc5 22. Bg5 Bf8 23. Bd2 Rxc2 24. Rxc2 Qxc2 25. Nxd4 Qxd3 26. Qxd3 Bxd3 27.
Nxe6 Rc2 28. Nxf8 Nxf8 29. Be3 Rc3 30. Bb6 Rxb3 31. Bxa5 Ng6 32. e6 fxe6 33.
Bxe6+ Kf8 34. Bxd5 Rb2 35. Bc7 Be2 36. Bd6+ Ke8 37. Bc6+ Kd8 38. h5 Nh8 39. a5
Bxh5 40. a6 Ra2 41. Bb7 Be2 42. Rxe2 Rxe2 43. a7 {
1-0 (43) Hagemann,E (2046) -Hoge,T (1985) Muensterland 2002}) 14. d4 c3 15. b3
Qb6 16. N1h2 (16. Bg5) (16. Ne3) 16... Rae8 $6 17. Bh3 Ndxe5 $2 18. Nxe5 Nxe5
19. dxe5 Bc5 20. Ng4 h5 {Diagram [#]} 21. Ne3 $2 (21. Nf6+ $1 gxf6 22. Qxh5 $18
) (21. Nh6+ $1 gxh6 (21... Kh7 22. Qxh5 Bxf2+ 23. Kh1 g6 24. Qg5) 22. Qxh5 $18)
21... d4 $1 22. Qxh5 $2 (22. Nf1 d3 23. Be3 d2 24. Bxc5 Qxc5 25. Re3) 22...
dxe3 23. Bxe3 Rd8 24. Bxc5 Qxc5 25. Bg2 Rd2 26. Re3 f5 27. Qg6 Qe7 28. Rc1 Be2
29. Re1 Bd1 30. Bf1 Qf7 31. Qg5 f4 32. gxf4 Qxf4 33. Qxf4 Rxf4 34. Bc4 Kf7 35.
Rd3 Bxc2 36. Rd6 Rg4+ 37. Kf1 {Diagram [#]} Rxc4 $1 {
Humans look for *clear* wins...} 38. bxc4 Rxd6 (38... b3) (38... Bxa4) (38...
Bd3+) (38... Ke7) 39. exd6 Bd3+ $6 40. Kg1 Bxc4 41. Re4 Bd5 42. Rf4+ Ke8 0-1

[Event "Mechanics' Alan Benson TNM; G/2"]
[Site "San Francisco"]
[Date "2016.09.20"]
[Round "8.5"]
[White "Traub, Igor Vladim"]
[Black "Walder, Michael S"]
[Result "1-0"]
[WhiteElo "2136"]
[BlackElo "2090"]
[PlyCount "71"]
[EventDate "2016.??.??"]

1. c4 c5 2. Nc3 Nc6 3. Nf3 g6 4. d4 cxd4 5. Nxd4 Bg7 6. e3 Nf6 7. Be2 d6 8. O-O
O-O 9. a3 a5 10. b3 Bd7 11. Bb2 Ne5 12. Qd2 Qb6 13. h3 Rfc8 14. f4 Nc6 15. Ndb5
h5 16. Rad1 Bf5 17. Bf3 Kh7 18. Kh2 Qd8 19. e4 Be6 20. Na4 Ra6 21. e5 dxe5 22.
Qxd8 Nxd8 23. Rxd8 Rxd8 24. Bxb7 Bc8 25. Bxa6 Bxa6 26. fxe5 Ne4 27. Nc7 Bb7 28.
Rxf7 Ng5 29. Rxe7 Rd2 30. Nd5 Bxd5 31. cxd5 h4 32. Kg1 Ne4 33. Kf1 Kg8 34. d6
Bh6 35. Bc3 Ng3+ 36. Ke1 1-0

[Event "Mechanics' Summer TNM; G/2"]
[Site "San Francisco"]
[Date "2016.07.12"]
[Round "8.7"]
[White "Traub, Igor Vladim"]
[Black "Walters, Kevin"]
[Result "1-0"]
[WhiteElo "2136"]
[BlackElo "1886"]
[Annotator "Donaldson"]
[PlyCount "81"]
[EventDate "2016.??.??"]

1. e4 d5 2. exd5 Qxd5 3. d4 Nf6 4. Nf3 Bf5 5. Nc3 Qa5 6. Bd2 c6 7. Be2 e6 8.
Ne4 Qc7 9. Nxf6+ gxf6 10. Nh4 Bg6 11. O-O Be7 12. c4 Nd7 13. a4 O-O-O 14. b4 e5
15. d5 f5 16. Nf3 e4 17. Nd4 Bf6 18. Bc3 Ne5 19. Qb3 f4 20. dxc6 Nxc6 21. Bg4+
Kb8 {Diagram [#]} 22. Ne6 (22. Nxc6+ $1 Qxc6 23. b5 Qd6 24. c5 Qe7 25. c6 $16)
22... Qe7 $2 (22... fxe6 23. Bxf6 Rd3 $1 $11) 23. Nxd8 Rxd8 24. Bxf6 Qxf6 25.
Rfd1 Nd4 26. Qh3 Qe5 27. Qh4 Rg8 28. Rxd4 Qxd4 29. Rd1 Qb6 30. c5 Qc7 31. Qf6
a6 32. Rd7 Qc8 33. Qxf4+ Ka8 34. Rxf7 Qe8 35. Rd7 Rf8 36. Qc7 Qb8 37. Qb6 Rc8
38. b5 axb5 39. axb5 Qa7 40. Qxa7+ Kxa7 41. c6 1-0

[Event "Mechanics' Winter TNM; G/2"]
[Site "San Francisco"]
[Date "2016.02.02"]
[Round "5.2"]
[White "Tsodikova, Natalya"]
[Black "Askin, Michael Christopher"]
[Result "1/2-1/2"]
[WhiteElo "2207"]
[BlackElo "2053"]
[Annotator "Donaldson"]
[PlyCount "81"]
[EventDate "2016.??.??"]

1. d4 d5 2. c4 e6 3. Nf3 Nf6 4. Qc2 Be7 5. g3 O-O 6. Bg2 a6 7. O-O dxc4 8. Qxc4
b5 9. Qc2 Bb7 10. Nbd2 (10. Bd2) (10. Bf4) (10. Bg5) 10... Nbd7 11. e4 c5 12.
e5 Nd5 13. dxc5 Nxc5 14. Nb3 Nd7 15. Qe2 Rc8 16. Be3 Nxe3 17. Qxe3 Qb6 18. Qe2
Rc4 19. Nbd2 Rc2 20. Qd3 Qc7 21. Rfe1 Rd8 22. Nd4 Rc5 23. Bxb7 Qxb7 24. N2f3
Rd5 25. Rac1 Bc5 26. Qe4 Qb6 27. Nc6 Bxf2+ 28. Kg2 Bxe1 29. Nxd8 Qxd8 30. Rxe1
Nc5 31. Qe3 h6 32. Re2 Na4 33. Rc2 Nb6 34. b3 Nd7 35. Rc6 Qb8 36. Qc3 Kh7 37.
Rc7 b4 38. Qc2+ g6 39. h4 Kg7 40. Rc8 Qb6 41. Qe4 {Diagram [#] Black knew he
was better, but low on time accepted the draw. However 41...Nxe5! 42.Nxe5 Rc2+
43.Kh3 Qg1 was winning.} 1/2-1/2

[Event "Mechanics' Spring TNM; G/2"]
[Site "San Francisco"]
[Date "2016.04.12"]
[Round "5.1"]
[White "Tsodikova, Natalya"]
[Black "Critelli, James Ma"]
[Result "0-1"]
[WhiteElo "2207"]
[BlackElo "2366"]
[PlyCount "60"]
[EventDate "2016.??.??"]

1. d4 Nf6 2. c4 e6 3. g3 Bb4+ 4. Bd2 a5 5. Bg2 d5 6. Nf3 O-O 7. O-O c6 8. Bf4
Be7 9. Nbd2 Nbd7 10. Qc2 c5 11. e4 cxd4 12. exd5 d3 13. Qxd3 exd5 14. Rfd1 Nc5
15. Qc3 Bf5 16. Nd4 Bg6 17. Bh3 Nd3 18. Be3 Bb4 19. Qc2 Nxf2 20. Bf5 Nxd1 21.
Rxd1 Re8 22. Bf2 Ng4 23. N2f3 Nxf2 24. Kxf2 Bc5 25. Kg2 Rc8 26. Nb5 Bf8 27. b3
Qf6 28. Rxd5 Red8 29. Rxd8 Bxf5 30. Rxf8+ Rxf8 {and in a few moves} 0-1

[Event "Mechanics' Winter TNM; G/2"]
[Site "San Francisco"]
[Date "2016.01.12"]
[Round "2.4"]
[White "Tsodikova, Natalya"]
[Black "Gerwin, Gene"]
[Result "1-0"]
[WhiteElo "2207"]
[BlackElo "1859"]
[Annotator "Donaldson"]
[PlyCount "45"]
[EventDate "2016.??.??"]

1. d4 b6 2. c4 Bb7 3. Nc3 e6 4. e4 Ne7 $6 (4... Bb4) 5. Nf3 d5 6. cxd5 exd5 7.
e5 Ng6 8. Bd3 Bb4 9. Qa4+ Nc6 10. O-O O-O 11. Be3 Bxc3 12. bxc3 Nce7 13. h4 h5
14. Bg5 Qe8 15. Qc2 Bc8 16. Nh2 Qd7 17. Qe2 c5 18. Qxh5 cxd4 19. cxd4 Nf5 20.
Ng4 Nfxh4 21. Nf6+ gxf6 22. Bxh4 Qg4 23. Bxg6 {
White is a pawn up but Black's resignation looks premature.} 1-0

[Event "Mechanics' Spring TNM; G/2"]
[Site "San Francisco"]
[Date "2016.04.26"]
[Round "7.9"]
[White "Tsodikova, Natalya"]
[Black "Gomez, Davi Flores"]
[Result "1-0"]
[WhiteElo "2207"]
[BlackElo "1836"]
[PlyCount "37"]
[EventDate "2016.??.??"]

1. d4 Nf6 2. c4 g6 3. Nf3 Bg7 4. Nc3 O-O 5. e4 d6 6. Be2 Re8 7. O-O Bg4 8. h3
Bxf3 9. Bxf3 Nc6 10. d5 Ne5 11. Be2 a5 12. Be3 b6 13. f4 Ned7 14. Bf3 e6 15.
dxe6 Rxe6 16. e5 dxe5 17. Bxa8 Qxa8 18. f5 Rd6 19. Qe2 {
White went on to win. The remaining moves are unavailable.} 1-0

[Event "Mechanics' Spring TNM; G/2"]
[Site "San Francisco"]
[Date "2016.03.15"]
[Round "1.4"]
[White "Tsodikova, Natalya"]
[Black "Mckellar, Daniel"]
[Result "1-0"]
[WhiteElo "2207"]
[BlackElo "1616"]
[PlyCount "67"]
[EventDate "2016.??.??"]

1. d4 d5 2. c4 c6 3. Nf3 Nf6 4. g3 Bf5 5. Bg2 dxc4 6. Nc3 e6 7. Ne5 Bb4 8. O-O
O-O 9. Nxc4 Nbd7 10. a3 Be7 11. e4 Bg6 12. Qe2 Rc8 13. Rd1 Bh5 14. f3 b5 15.
Ne3 a6 16. Kh1 c5 17. dxc5 Bxc5 18. e5 Ne8 19. Qd3 Rc7 20. b4 Be7 21. Bb2 f6
22. Ne4 fxe5 23. g4 Bg6 24. Qb3 Bf7 25. Bxe5 Rb7 26. f4 Qb6 27. Rac1 Nxe5 28.
fxe5 Rc7 29. Rc3 Rxc3 30. Qxc3 Bg6 31. Nc5 Rf4 32. Rd7 Bg5 33. Rb7 Qd8 34. Nxe6
1-0

[Event "Mechanics' Spring TNM; G/2"]
[Site "San Francisco"]
[Date "2016.03.29"]
[Round "3.4"]
[White "Tsodikova, Natalya"]
[Black "Moren, Brandon"]
[Result "1-0"]
[WhiteElo "2207"]
[BlackElo "660"]
[PlyCount "57"]
[EventDate "2016.??.??"]

1. d4 d5 2. Nf3 Nc6 3. c4 e6 4. g3 Be7 5. Bg2 Bf6 6. O-O dxc4 7. Qa4 Nge7 8.
Nc3 O-O 9. Rd1 a6 10. Qxc4 b5 11. Qb3 Rb8 12. Ne4 Nf5 13. Nxf6+ Qxf6 14. Qc3
Bb7 15. Bg5 Qg6 16. Bf4 Nd6 17. Nh4 Qf6 18. Bxc6 Qe7 19. Bxb7 Rxb7 20. Nf3 Ne4
21. Qc6 Nd6 22. Rac1 Ra7 23. Qc5 Raa8 24. Ne5 Nf5 25. Qxe7 Nxe7 26. Nc6 Nxc6
27. Rxc6 a5 28. Rdc1 g6 29. Rxc7 1-0

[Event "Mechanics' Alan Benson TNM; G/2"]
[Site "San Francisco"]
[Date "2016.09.13"]
[Round "7.2"]
[White "Tsodikova, Natalya"]
[Black "Viswanath Natraj, Ganesh"]
[Result "1/2-1/2"]
[WhiteElo "2195"]
[BlackElo "2101"]
[PlyCount "111"]
[EventDate "2016.??.??"]

1. d4 Nf6 2. c4 e6 3. g3 d5 4. Bg2 dxc4 5. Qa4+ Nbd7 6. Nf3 a6 7. Qxc4 b5 8.
Qc2 Bb7 9. Nbd2 c5 10. dxc5 Bxc5 11. O-O Rc8 12. Qd1 O-O 13. Nb3 Bb6 14. e3 Qe7
15. Bd2 Rfd8 16. Rc1 Nc5 17. Nxc5 Bxc5 18. Qe2 Bb4 19. Bxb4 Qxb4 20. Nd4 Bxg2
21. Kxg2 Qd6 22. Qf3 e5 23. Rxc8 Rxc8 24. Nf5 Qe6 25. Rd1 g6 26. Rd6 e4 27.
Rxe6 exf3+ 28. Kxf3 Nd5 29. Rd6 gxf5 30. Rxd5 Rc2 31. b4 Rxa2 32. Rxf5 Kg7 33.
Rf4 Rb2 34. g4 h6 35. h4 Kg6 36. Rd4 f6 37. Kf4 Rxf2+ 38. Kg3 Rc2 39. h5+ Kf7
40. Rd7+ Kg8 41. Kf4 Rc4+ 42. Kf5 Rxb4 43. e4 Rc4 44. Kg6 Kf8 45. Rf7+ Ke8 46.
Rxf6 Rxe4 47. Kf5 Rc4 48. Rxa6 Rc5+ 49. Ke6 Kf8 50. Kf6 Kg8 51. Ra8+ Kh7 52.
Re8 Rc6+ 53. Ke5 Rb6 54. Kd4 Rb7 55. Re3 b4 56. Rb3 {and....} 1/2-1/2

[Event "Mechanics' Winter TNM; G/2"]
[Site "San Francisco"]
[Date "2016.02.16"]
[Round "7.3"]
[White "Tsodikova, Natalya"]
[Black "Tracy, Joseph J"]
[Result "1-0"]
[WhiteElo "2207"]
[BlackElo "2179"]
[PlyCount "95"]
[EventDate "2016.??.??"]

1. d4 e6 2. c4 Nf6 3. g3 d5 4. Bg2 Be7 5. Nf3 O-O 6. O-O c6 7. Nc3 Nbd7 8. Qd3
b6 9. e4 Ba6 10. b3 dxe4 11. Nxe4 Rc8 12. Rd1 Bb7 13. Nc3 Qc7 14. Qe2 Bd6 15.
Bb2 Rfe8 16. Ne5 Nxe5 17. dxe5 Bxe5 18. Nb5 cxb5 19. Bxe5 Qe7 20. Bxb7 Qxb7 21.
Bxf6 gxf6 22. cxb5 Red8 23. Qg4+ Kf8 24. Qf4 Kg7 25. Rac1 Rxd1+ 26. Rxd1 Rc5
27. a4 Rd5 28. Rc1 h6 29. h4 f5 30. Kh2 Qd7 31. Rc7 Qd8 32. Rxa7 Rd1 33. Qe5+
Kg6 34. h5+ Kxh5 35. Rxf7 Qd5 36. Qxd5 Rxd5 37. Rc7 Rd2 38. Kg1 Kg4 39. Rc4+
Kg5 40. Rc6 e5 41. Rxb6 h5 42. Re6 e4 43. b6 Kg4 44. b7 Rd8 45. Rb6 Rb8 46. a5
e3 47. fxe3 Rd8 48. b8=Q 1-0

[Event "Mechanics' Alan Benson TNM; G/2"]
[Site "San Francisco"]
[Date "2016.09.27"]
[Round "9.4"]
[White "Tsodikova, Natalya"]
[Black "Traub, Igor Vladim"]
[Result "1-0"]
[WhiteElo "2195"]
[BlackElo "2136"]
[PlyCount "97"]
[EventDate "2016.??.??"]

1. d4 d5 2. c4 c6 3. g3 Nf6 4. Nf3 e6 5. Qc2 Bb4+ 6. Bd2 Be7 7. Bg2 Ne4 8. O-O
Nd7 9. Nc3 Nxd2 10. Nxd2 O-O 11. e4 dxc4 12. Nxc4 b5 13. Ne3 Qb6 14. Rfd1 Bb7
15. Qe2 b4 16. Na4 Qb5 17. Qc2 Rac8 18. b3 c5 19. d5 exd5 20. exd5 Bf6 21. Rac1
Ne5 22. Nb2 g6 23. f4 Nd7 24. Nec4 Bd4+ 25. Kh1 Qa6 26. Nd3 Nf6 27. Nxb4 Qb5
28. Nc6 Bxc6 29. dxc6 Ng4 30. Rf1 Rfd8 31. Rce1 Rc7 32. f5 Qb4 33. Qe2 Nh6 34.
fxg6 hxg6 35. Qe4 Bg7 36. Qf4 Qb8 37. g4 Rd4 38. Re4 Qd8 39. Rfe1 Rxe4 40. Qxe4
Qg5 41. Bf3 Bc3 42. Rd1 Re7 43. Qd5 Qh4 44. Qd8+ Kg7 45. c7 Bf6 46. Qxe7 Bxe7
47. c8=Q Qf2 48. Qc6 f5 49. Ne5 1-0

[Event "Mechanics' Alan Benson TNM; G/2"]
[Site "San Francisco"]
[Date "2016.08.16"]
[Round "3.3"]
[White "Tsodikova, Natalya"]
[Black "Wang, Yuan"]
[Result "1-0"]
[WhiteElo "2195"]
[BlackElo "2068"]
[PlyCount "60"]
[EventDate "2016.??.??"]

1. d4 Nf6 2. c4 g6 3. Nc3 d5 4. cxd5 Nxd5 5. g3 Bg7 6. Bg2 Nxc3 7. bxc3 c5 8.
e3 O-O 9. Ne2 Nc6 10. O-O e5 11. d5 Na5 12. Rb1 Qd6 13. Qd3 c4 14. Qc2 Bd7 15.
e4 b5 16. Be3 Nb7 17. f4 f6 18. Nc1 Nc5 19. Qf2 Na4 20. Ne2 a5 21. h4 b4 22.
Rbc1 Rfc8 23. Kh2 Rab8 24. Bh3 Bxh3 25. Kxh3 Nc5 26. Bxc5 Qxc5 27. Qf3 b3 28.
axb3 cxb3 29. c4 a4 30. Qd3 Bf8 1-0